Normal view
MARC view
Entry Personal Name
001 - CONTROL NUMBER
- control field: 23312
003 - CONTROL NUMBER IDENTIFIER
- control field: dpl
005 - DATE AND TIME OF LATEST TRANSACTION
- control field: 20101011151742.0
008 - FIXED-LENGTH DATA ELEMENTS
- fixed length control field: 101011|||a|||||| | ||| d
040 ## - CATALOGING SOURCE
- Original cataloging agency: dpl
- Transcribing agency: dpl
100 ## - HEADING--PERSONAL NAME
- Personal name: Stine, R.L.
670 ## - SOURCE DATA FOUND
- Source citation: Work cat.: (dpl)21415: Stine, R.L. , Escape from camp run-for-your-life /, 2008 (repr.)
670 ## - SOURCE DATA FOUND
- Source citation: Work cat.: (dpl)21415: Stine, R.L. , Escape from camp run-for-your-life /, 2008 (repr.)
